[Event "PCA/Intel-GP"]
[Site "New York"]
[Date "1994.??.??"]
[Round "4"]
[White "Kasparov, Garry"]
[Black "Kramnik, Vladimir"]
[Result "1/2-1/2"]
[WhiteElo "2805"]
[BlackElo "2710"]
[Annotator "Kasparov,G"]
[PlyCount "70"]
[EventDate "1994.06.??"]
[EventType "k.o. (rapid)"]
[EventRounds "4"]
[EventCountry "USA"]
[SourceTitle "CBM 041"]
[Source "ChessBase"]
[SourceDate "1994.08.01"]
[SourceVersion "1"]
[SourceVersionDate "1994.08.01"]
[SourceQuality "1"]

1. d4 {Fritz3} d5 2. c4 c6 3. Nf3 Nf6 4. Nc3 e6 5. Bg5 dxc4 6. e4 b5 7. e5 h6
8. Bh4 g5 9. Nxg5 hxg5 10. Bxg5 Nbd7 11. exf6 Bb7 12. g3 c5 13. d5 Qb6 14. Bg2
O-O-O 15. O-O b4 16. Rb1 $1 {Uhlmann} Qa6 17. dxe6 Bxg2 18. e7 Bxf1 19. Qd5
Bxe7 (19... Bh6 20. exd8=Q+ Kxd8 {Yermolinsky-Ivanchuk/Podolsk/1986/}) 20. fxe7
Rdg8 21. Ne4 Rg6 22. Rxf1 $2 (22. Qa8+ $1 Nb8 23. Rxf1 (23. Bf4 Qb7 24. Qxb7+
Kxb7 25. Kxf1 Kc6 (25... Nd7 26. Rd1) 26. Rd1 Nd7 (26... Re8 27. Bxb8 Rxb8 28.
Rd8 Rg8 29. Rxg8 Rxg8 30. Nf6 $18) 27. Rd6+ (27. Nd6 $145 $1 Re6 (27... Nf6 28.
Nxf7 {/\ Ne5}) 28. Nxf7 $18 {/\ Nh8,Nd8}) 27... Rxd6 28. Nxd6 Nf6 29. Be5 Rg8
30. Nxf7 Nd5 $13) 23... Qc6 (23... Qb7 24. Qxb7+ Kxb7 25. Bf6 $18) 24. Rd1 $3
Qxa8 25. Rd8+ Kc7 (25... Kb7 26. Rxh8 Re6 27. Nxc5+ $18) 26. Bf4+ Kb6 27. Rxh8
Re6 28. e8=Q Rxe8 29. Rxe8 Qd5 30. Rxb8+ Ka6 (30... Ka5 31. Re8 f5 32. Nxc5 $1
Qd1+ 33. Kg2 Qd5+ 34. Kh3 $18) 31. Nd2 $1 (31. Nd6 c3 32. bxc3 bxc3 33. Nb5
Qd1+ 34. Kg2 Qd5+ (34... c2 35. Nc7+ Ka5 36. Rb5+ Ka4 37. Rxc5 $18) 35. f3
Qxa2+ 36. Kh3 Qe6+ 37. g4 Qe2 $13) (31. f3 f5) (31. Re8 f5 32. Re6+ $2 $18 Ka5
33. Bc7+ Kb5) 31... c3 32. bxc3 bxc3 33. Nb3 c4 34. Nc1 c2 (34... Qd1+ 35. Kg2
Qd5+ 36. f3 Qf5 (36... Qd2+ $145 $1 $16) 37. Re8 Qc2+ 38. Re2 $18) 35. h4 $18)
22... Qc6 23. Qxc6+ Rxc6 24. Rd1 $2 (24. Bf4 $1 Re8 25. Nd6+ Rxd6 26. Bxd6 Kb7
27. Re1 Kc6 28. Bf4 Nf6 29. h4 Nd5 30. Bc1 Kd7 $1 (30... Rxe7 31. Rxe7 Nxe7 32.
h5 Kd5 33. h6 Ng6 34. h7 Ke4 35. Be3 $18) (30... c3 31. bxc3 Nxc3 32. h5 Nxa2
33. Bg5 c4 34. h6 {!RR} (34. Rd1 $1 {?RR} b3 35. Rd8 b2 36. Rxe8 b1=Q+ 37. Kh2
Qf5 38. Rd8 Qxf2+ 39. Kh3 Qf1+ 40. Kg4 Qe2+ (40... f5+ $145 $1 41. Kh4 Qh1#)
41. Kf4 Qf2+ 42. Ke5 Qb2+ 43. Kf5 Qf2+ 44. Bf4 Qc5+ 45. Kf6 $18) 34... c3 35.
h7 b3 (35... c2 36. h8=Q (36. Bh6 $145 $1 Nc3 37. Bf8 Nd1 38. h8=Q c1=Q 39.
Qf6+ Kb7 40. Qd6 $18) 36... Rxh8 37. e8=Q+ Rxe8 38. Rxe8 $13) 36. Bf6 $145 Kd7
37. h8=Q Rxh8 38. Bxh8 Ke8 39. Kg2 c2 40. Bb2 {/\Re3} a5 41. Ba3 $18 {/\Rh1})
31. h5 Rxe7 32. Rd1 (32. Rxe7+ $2 Kxe7 $10) 32... Kc6 33. h6 f5 34. Kg2 c3 35.
bxc3 Nxc3 36. Rh1 Rh7 37. Rh5 Nxa2 38. Be3 c4 39. Rxf5 c3 40. g4 b3 41. g5 b2
42. Rc5+ Kd6 43. Rb5 $18) 24... Re8 25. Nd6+ (25. h4 f6 26. Rd6 Kc7 27. Nxf6 (
27. Bf4 Rxe7 28. Re6+ Kd8 29. Rxc6 Rxe4 30. h5 c3 31. bxc3 bxc3 32. h6 c2 33.
h7 Re8 34. Re6 Rh8 35. Re2 Rxh7 36. Rxc2) 27... Nxf6 28. Rxc6+ Kxc6 29. Bxf6
Kd7 30. g4 Ke6 31. g5 $13) 25... Rxd6 26. Rxd6 f6 27. Bxf6 (27. Bf4 $1 {
Surprising solution! White doesn t take the pawn in order to play with the B!}
Rxe7 28. Kf1 $16 {Garry}) 27... Kc7 28. Re6 Nxf6 29. Rxf6 Rxe7 30. Kf1 Re4 31.
Rf4 Rxf4 32. gxf4 Kd6 33. Ke2 a5 34. a4 c3 35. bxc3 b3 1/2-1/2

[Event "PCA/Intel-GP"]
[Site "New York"]
[Date "1994.??.??"]
[Round "4"]
[White "Kramnik, Vladimir"]
[Black "Kasparov, Garry"]
[Result "1-0"]
[WhiteElo "2710"]
[BlackElo "2805"]
[Annotator "Kasparov,G"]
[PlyCount "147"]
[EventDate "1994.06.??"]
[EventType "k.o. (rapid)"]
[EventRounds "4"]
[EventCountry "USA"]
[SourceTitle "CBM 041"]
[Source "ChessBase"]
[SourceDate "1994.08.01"]
[SourceVersion "1"]
[SourceVersionDate "1994.08.01"]
[SourceQuality "1"]

1. e4 c5 2. Nf3 e6 3. c4 Nc6 4. d4 cxd4 5. Nxd4 Nf6 6. Nc3 Bb4 7. Nxc6 bxc6 8.
Bd3 e5 9. O-O O-O 10. Be3 d6 $2 (10... Bxc3 $1 11. bxc3 d6 $10) 11. Na4 d5 12.
exd5 cxd5 13. a3 Be7 14. cxd5 Nxd5 $2 (14... Qxd5 15. Nc3 Qe6 16. Qf3 Bd7 $14)
15. Bc5 Nf6 16. Re1 Bxc5 (16... Bg4 $2 17. Bxh7+ $1 $16) 17. Nxc5 Qb6 18. Qc2
Re8 19. h3 a5 20. Rac1 Rb8 21. Re2 h6 22. Bc4 Re7 23. Rd2 e4 $1 24. Na4 Qa7 25.
Rd8+ Kh7 26. Ba2 (26. Bxf7 Bxh3 $1) 26... Bd7 (26... Be6 $1 27. Rxb8 Qxb8 28.
Qc5 Rd7 29. Bxe6 fxe6 30. Qxa5 Qf4 31. Re1 (31. Qe1 e3 $1 $17) 31... Rd2 32.
Qa7 Nd5 $17) 27. Rxb8 Qxb8 28. Nc5 Bf5 29. Qb3 Qd6 30. Qe3 Bg6 31. b4 axb4 32.
axb4 Qb8 33. Rb1 Ra7 $2 (33... Qb5 $1 34. Rb2 Nd7 $1 35. Bd5 Nf6 36. Ba2 Nd7
$10) 34. Bc4 Qe5 35. Nd3 Qc7 36. Nf4 Rb7 37. Bf1 Bf5 38. b5 g5 39. Ne2 Nd5 40.
Qd4 e3 41. Rc1 exf2+ 42. Qxf2 Qe5 43. Rc5 Be6 44. Nd4 Qf4 45. Nxe6 Qxf2+ 46.
Kxf2 fxe6 47. Bc4 Nc7 48. Ke3 Kg7 49. Kd4 Kf6 50. g4 Ke7 51. Ke5 Kd7 52. Kf6
Rb6 53. Kg7 Kd6 54. Rc6+ Rxc6 55. bxc6 Kxc6 56. Kxh6 Kd6 57. Kxg5 Ke7 58. Kg6
Ne8 59. h4 Nd6 60. Bb3 Nf7 61. g5 Ne5+ 62. Kh6 Nf3 63. Kh5 Kf7 64. Kg4 Ne5+ 65.
Kf4 Ng6+ 66. Kg3 Ne7 67. h5 Nf5+ 68. Kf4 Nd4 69. Bc4 Nf5 70. Ke5 Ng3 71. Bxe6+
Kg7 72. Bg4 Nf1 73. h6+ Kh7 74. Bf5+ 1-0

[Event "Candidates FIDE sf2"]
[Site "Sanghi Nagar"]
[Date "1994.??.??"]
[Round "2"]
[White "Gelfand, Boris"]
[Black "Kramnik, Vladimir"]
[Result "1/2-1/2"]
[WhiteElo "2685"]
[BlackElo "2710"]
[Annotator "Ftacnik,L"]
[PlyCount "60"]
[EventDate "1994.07.??"]
[EventType "match"]
[EventRounds "8"]
[EventCountry "IND"]
[SourceTitle "CBM 042"]
[Source "ChessBase"]
[SourceDate "1994.10.01"]
[SourceVersion "1"]
[SourceVersionDate "1994.10.01"]
[SourceQuality "1"]

1. e4 c5 2. Nf3 Nc6 3. Nc3 e5 (3... Nf6 4. Bb5 Nd4 5. e5 $36) 4. Bc4 Be7 (4...
Nf6 $2 5. Ng5 {xf7}) 5. d3 d6 6. Nd2 {xd5} Nf6 7. Nf1 Be6 8. Ne3 O-O (8... Bxc4
$6 9. dxc4 $14 (9. Nxc4 d5 10. exd5 Nxd5 $10)) 9. O-O Nd4 10. a4 a6 11. Ncd5
Nxd5 (11... b5 $2 12. axb5 axb5 13. Rxa8 Qxa8 14. Nxe7+ $18) 12. Bxd5 Rb8 13.
g3 (13. c3 Nc6 14. g3 $14) 13... Bh3 14. Ng2 Qd7 (14... Ne6 15. f4 exf4 16.
gxf4 Nc7 17. Ba2 d5 $13) 15. c3 Ne6 16. f4 exf4 17. gxf4 Nc7 18. Ba2 Qg4 (18...
d5 19. Qf3 Rbd8 $13) 19. Qxg4 Bxg4 20. Rf2 Be6 21. f5 $1 Bxa2 22. Rxa2 b5 23.
Bf4 b4 24. f6 $5 Bxf6 (24... gxf6 $6 25. Ne3 $14 {xf5}) 25. Bxd6 Rfc8 (25...
bxc3 $2 26. e5 $1 cxb2 27. Rfxb2 Rxb2 28. Rxb2 $18) 26. e5 Bd8 27. e6 $6 (27.
Ne3 $14) 27... Bf6 28. exf7+ Kxf7 29. Ne3 bxc3 30. bxc3 Rb1+ $14 1/2-1/2

[Event "Novgorod"]
[Site "Novgorod"]
[Date "1994.??.??"]
[Round "1"]
[White "Ivanchuk, Vassily"]
[Black "Kramnik, Vladimir"]
[Result "1-0"]
[WhiteElo "2695"]
[BlackElo "2725"]
[Annotator "Ftacnik,L"]
[PlyCount "80"]
[EventDate "1994.08.??"]
[EventType "tourn"]
[EventRounds "10"]
[EventCountry "RUS"]
[EventCategory "19"]
[SourceTitle "CBM 043"]
[Source "ChessBase"]
[SourceDate "1994.12.01"]
[SourceVersion "1"]
[SourceVersionDate "1994.12.01"]
[SourceQuality "1"]

1. e4 {Kortschnoj Horvath,T} c5 2. Nf3 Nc6 3. d4 cxd4 4. Nxd4 Nf6 5. Nc3 e6 6.
Ndb5 d6 7. Bf4 e5 8. Bg5 a6 9. Na3 b5 10. Bxf6 gxf6 11. Nd5 Bg7 12. c3 f5 13.
exf5 Bxf5 14. Nc2 Ne7 (14... O-O 15. Nce3 Be6) (14... Be6 $5 {Horvath,T} 15.
Nce3 Ne7) 15. Bd3 $5 $146 (15. Nxe7 Qxe7) (15. Nce3 Be6) 15... Nxd5 $6 (15...
Be6 16. Nxe7 Qxe7 (16... Kxe7 17. Be4 $1 d5 $2 18. Nb4) 17. Ne3 $14 (17. Be4
$14 {Horvath} d5 {Kortschnoj} 18. Bxd5 Rd8 19. Bc6+ Kf8 20. Qf3 Bc4 21. Ne3 $16
)) 16. Bxf5 Ne7 17. Qg4 O-O (17... Nxf5 18. Qxf5 O-O 19. Ne3 $14) 18. Rd1 d5 (
18... Nxf5 19. Qxf5 d5 20. Ne3 d4 21. Qg4 $1 $36) 19. Ne3 d4 $6 (19... Ra7) (
19... Qd6 20. Nxd5 Nxd5 21. Qf3 (21. Be4 Qe6 22. Bf5 Qd6) 21... e4 22. Bxe4
Rfe8 23. O-O Rxe4 24. Qxe4 Rd8 $14) 20. Be4 dxe3 $5 (20... Rb8 21. Nf5 Ng6 22.
h4 $40) (20... f5 {Kortschnoj} 21. Nxf5 Nxf5 22. Bxf5 Qf6 23. Be6+ Kh8 24. O-O
$16) 21. Rxd8 exf2+ 22. Kxf2 Raxd8 23. Qe2 (23. Bxh7+ $5 Kxh7 24. Qh4+ Kg8 25.
Qxe7 Rd2+ 26. Kf3 Rfd8 27. Re1 $16) 23... f5 24. Bb7 $1 (24. Bc2 Ng6 $132)
24... Rd7 (24... Rd6 25. Rd1 $1 Rfd8 26. Rxd6 Rxd6 27. g4 $1 Rb6 28. Bg2 $16)
25. Bxa6 Rfd8 26. Qxb5 Rd2+ 27. Kg3 e4 (27... f4+ 28. Kh3 $1 $16) (27... R8d3+
$2 28. Qxd3 Rxd3+ 29. Bxd3 e4 30. Bc4+ Kf8 31. Rd1 $18) (27... Ng6 28. Rf1 Nf4
29. Rxf4 exf4+ 30. Kf3 $18) 28. Re1 Ng6 (28... R8d3+ $2 29. Qxd3 exd3 30. Rxe7
h6 (30... Rxb2 $2 31. Bc4+ Kf8 32. Rf7+ Ke8 33. Rxg7 d2 34. Be2 Rb1 35. Rxh7
d1=Q 36. Bxd1 Rxd1 37. Kf4 $18) (30... Kf8 {Kortschnoj} 31. Rd7 $16) 31. Bc4+
Kh7 32. Rd7 Rxb2 33. Bxd3 Kg6 34. Bxf5+ $1 Kxf5 35. Rxg7 $18) 29. Re2 Be5+ 30.
Kf2 Rd1 (30... Rxe2+ 31. Kxe2 Nf4+ 32. Kf2 Rd2+ 33. Ke1 Rd5 34. Qe8+ Kg7 35. g3
$18) 31. Re1 R8d2+ $2 (31... R1d2+ $5 32. Kg1 Kg7 $1 {/\ Kf6, Nf4}) 32. Kf1
Rxe1+ (32... e3 $2 33. Qb3+ Kg7 34. Qxd1 $18) 33. Kxe1 Rxg2 34. Bc8 f4 (34...
Nf4 {Horvath,T} 35. Qe8+ $18) 35. Bf5 $1 (35. Qd5+ Kg7 36. Qxe4 Rxb2 $132)
35... Bf6 (35... f3 36. Bxg6 $18) 36. Bxe4 Rxh2 37. a4 Ne5 38. a5 f3 39. a6
Rh1+ (39... Bh4+ 40. Kd1 Rh1+ 41. Kc2 Rh2+ 42. Kb3 $18) (39... Re2+ $2 40. Qxe2
$1 $18) (39... f2+ 40. Kf1 Ng4 41. Qe8+ Kg7 42. Qd7+ Kf8 43. Qxg4 $18) 40. Kd2
Rh2+ $138 1-0

[Event "Novgorod"]
[Site "Novgorod"]
[Date "1994.??.??"]
[Round "2"]
[White "Kramnik, Vladimir"]
[Black "Shirov, Alexei"]
[Result "1/2-1/2"]
[WhiteElo "2725"]
[BlackElo "2740"]
[Annotator "Kharitonov,A"]
[PlyCount "59"]
[EventDate "1994.08.??"]
[EventType "tourn"]
[EventRounds "10"]
[EventCountry "RUS"]
[EventCategory "19"]
[SourceTitle "CBM 043"]
[Source "ChessBase"]
[SourceDate "1994.12.01"]
[SourceVersion "1"]
[SourceVersionDate "1994.12.01"]
[SourceQuality "1"]

1. d4 d5 2. c4 c6 3. Nc3 Nf6 4. e3 e6 5. Nf3 Nbd7 6. Bd3 dxc4 7. Bxc4 b5 8. Bd3
a6 9. e4 c5 10. d5 Qc7 (10... c4 11. dxe6 (11. Bc2 Qc7 (11... e5 12. O-O Qc7
13. Ne2 Rb8 14. Ng3 h6 15. Bd2 $14 {Karpov,A-Kamsky,G/Las Palmas/1994/0,5 (52)}
) 12. O-O Bc5 13. Qe2 e5 14. Bd2 O-O 15. a3 Ne8 16. b4 Bd4 17. a4 Rb8 18. axb5
axb5 19. Ra5 $14 {Karpov,A-Morovic Fernandez,I/Las Palmas/1994/0,5 (38)}) 11...
cxd3 12. exd7+ Qxd7 13. O-O Bb7 14. Re1 Be7 15. e5 Nd5 16. Qxd3 Nxc3 17. Qxc3
O-O 18. Bg5 Rac8 19. Qe3 Bxg5 20. Nxg5 Rc2 21. b3 $14 {Karpov,A-Lutz,Ch/BRD/
1994/0,5 (45)}) 11. O-O (11. dxe6 fxe6 12. b3 $5 c4 13. bxc4 bxc4 14. Bb1 Bb4
15. Bd2 Qa5 16. Qc1 $14) 11... Bb7 12. dxe6 fxe6 13. Bc2 (13. b3 $5 b4 (13...
Bd6 $2 14. Bxb5) (13... c4 14. bxc4 bxc4 15. Bc2 $14) 14. Na4 Nxe4 15. Re1 $36)
13... c4 14. Ng5 Nc5 15. e5 Qxe5 16. Re1 Qd6 17. Qxd6 Bxd6 18. Be3 O-O 19. Rad1
Be7 20. Bxc5 Bxc5 21. Nxe6 Rfc8 22. h3 (22. Nxc5 Rxc5 23. Re7 Rb8 $1 $13 {
Karpov}) 22... Rab8 $1 (22... b4 23. Na4 Ba7 24. Nxg7 Kxg7 25. Re7+ $18) (22...
Bf8 $6 23. g4 h6 24. f4 Bf3 25. Rd2 Bc6 26. g5 hxg5 27. fxg5 Nd7 28. Nxf8 Nxf8
29. Rd6 $16 {Karpov,A-Kramnik,V/Linares/1994/1:0 (40)}) 23. Nxc5 (23. a3 Ba7
$13) (23. g4 Bf3 24. Rd2 Bb6 $13) 23... Rxc5 24. Re6 b4 25. Na4 Rg5 $1 26. g3
Rh5 27. h4 Bf3 28. Rd4 Bd5 29. Re7 Bf7 30. f4 (30. f4 Rhb5 $15) 1/2-1/2

[Event "Novgorod"]
[Site "Novgorod"]
[Date "1994.??.??"]
[Round "3"]
[White "Short, Nigel D"]
[Black "Kramnik, Vladimir"]
[Result "0-1"]
[WhiteElo "2665"]
[BlackElo "2725"]
[Annotator "Ftacnik,L"]
[PlyCount "82"]
[EventDate "1994.08.??"]
[EventType "tourn"]
[EventRounds "10"]
[EventCountry "RUS"]
[EventCategory "19"]
[SourceTitle "CBM 043"]
[Source "ChessBase"]
[SourceDate "1994.12.01"]
[SourceVersion "1"]
[SourceVersionDate "1994.12.01"]
[SourceQuality "1"]

1. e4 c5 2. Nf3 Nc6 3. d4 cxd4 4. Nxd4 Nf6 5. Nc3 e5 6. Ndb5 d6 7. Bg5 a6 8.
Na3 b5 9. Bxf6 gxf6 10. Nd5 Bg7 11. c3 f5 12. exf5 Bxf5 13. Nc2 Be6 14. g3 O-O
15. Bg2 a5 16. O-O Rb8 17. Re1 Qd7 18. Qh5 f5 19. Rad1 e4 20. Nce3 (20. f3 $5
exf3 (20... Ne5 21. fxe4 fxe4 22. Bxe4 Bf5 23. Nd4 $14) 21. Bxf3 Ne5 22. Nd4 (
22. Bg2 Nc4 {/\ Qa7}) 22... Bf7 (22... Nxf3+ 23. Qxf3 Bxd4+ 24. Rxd4 $16) 23.
Qg5 $5 (23. Qxf5 $2 Qxf5 24. Ne7+ Kh8 25. Nexf5 Nxf3+ 26. Nxf3 Bh5 $17) 23...
Nxf3+ (23... Kh8 24. Bg2) 24. Nxf3 Kh8 25. Re7 Qc6 26. Rc7 $16) 20... Ne5 21.
Re2 Ng6 22. Red2 (22. f3 exf3 23. Bxf3 f4 $132) 22... Be5 23. a4 bxa4 24. Nc4
Qf7 $1 25. Qg5 (25. Nxa5 $2 Rb5 $19) (25. Nxe5 dxe5 $17) 25... Kh8 26. Kh1 Rg8
27. Qe3 Qg7 28. Bf1 Rbf8 29. Be2 Re8 30. Qb6 $2 (30. Bh5 $1 $13) 30... Nf4 $1
31. Nxf4 $6 (31. Nc7 $5 Re7 $1 (31... Nxe2 32. Nxe8 (32. Nxe6 Qg4 33. Nxe5 dxe5
34. Qe3 Qf3+ 35. Qxf3 exf3 36. Nc5 a3 $17) 32... Qg4 $1 33. Nxe5 dxe5 34. Rxe2
Qxe2 35. Qxe6 Qxd1+ 36. Kg2 $10) 32. Nxe6 Rxe6 33. Nxe5 (33. Ne3 Nxe2 34. Rxe2
f4 $132) 33... dxe5 34. Qxa5 Nxe2 35. Rxe2 Qg4 $15) 31... Bxf4 32. Rd4 (32.
Nxd6 Rb8 33. Qxa5 Bxd2 34. Rxd2 $17) 32... d5 $1 33. Rxd5 (33. Ne3 Be5 34. Rxa4
f4 35. Nxd5 fxg3 36. fxg3 Bxg3 37. hxg3 Qxg3 38. Qd4+ Rg7 $19) 33... Bxd5 34.
Rxd5 Bc7 35. Qc6 f4 36. Nd6 (36. Rd7 Re7 37. Rxe7 Qxe7 $19) 36... Re6 37. Bc4
Qe7 38. Re5 Rxd6 (38... Rxe5 $2 39. Nf7+ Qxf7 (39... Kg7 40. Qh6#) 40. Bxf7 $18
) 39. Rxe7 (39. Qxe4 Rd1+ $19) 39... Rxc6 40. Bxg8 Kxg8 41. Rxe4 a3 0-1

[Event "Novgorod"]
[Site "Novgorod"]
[Date "1994.??.??"]
[Round "7"]
[White "Shirov, Alexei"]
[Black "Kramnik, Vladimir"]
[Result "0-1"]
[WhiteElo "2740"]
[BlackElo "2725"]
[Annotator "Kramnik,V"]
[PlyCount "80"]
[EventDate "1994.08.??"]
[EventType "tourn"]
[EventRounds "10"]
[EventCountry "RUS"]
[EventCategory "19"]
[SourceTitle "CBM 043"]
[Source "ChessBase"]
[SourceDate "1994.12.01"]
[SourceVersion "1"]
[SourceVersionDate "1994.12.01"]
[SourceQuality "1"]

1. e4 {Ftacnik} c5 2. Nf3 Nc6 3. Bb5 g6 4. Bxc6 dxc6 5. h3 e5 6. d3 (6. Nxe5 {
Ftacnik} Qd4) 6... f6 $5 $146 7. c3 $5 (7. Be3 Nh6 8. Nbd2 Nf7 9. a3 Be6 $15)
7... Nh6 8. O-O (8. Be3 {Ftacnik} Nf7 9. d4 $13) 8... Nf7 9. Be3 (9. d4 cxd4
10. cxd4 Bg7 $10) 9... g5 $1 (9... Be6 10. Qe2 Be7 $6 11. d4 $14) 10. Ne1 (10.
d4 cxd4 11. cxd4 g4 $1 12. hxg4 Bxg4 13. Nbd2 $13 (13. dxe5 {Ftacnik} Qxd1 14.
Rxd1 Nxe5 15. Nbd2 Bb4 $15)) 10... Be6 11. Nd2 h5 12. a3 (12. Nc2 g4 $1 13. h4
f5 $15) 12... a5 (12... Qd7 13. b4) 13. Qe2 b6 (13... Rh7 $5 14. Nc2 Nh8 $1 {
/\ Ng6}) 14. Nc2 Ra7 $1 15. d4 $2 (15. Rfd1 $1 Rd7 16. Nf1 $14 Bb3 17. Ng3 h4
18. Nf5 Nd6 19. d4 $5) (15. Rad1 {Ftacnik} Rd7 {xd3}) 15... cxd4 (15... Rd7 16.
dxc5 Bxc5 17. Rfd1) 16. cxd4 Rd7 17. dxe5 Nxe5 $15 (17... fxe5 $13) 18. Rfd1 (
18. f4 $2 Bc5 (18... gxf4 {Ftacnik} 19. Bxf4 (19. Rxf4 Bh6 20. Qxh5+ Bf7 $17)
19... Bc5+ 20. Kh1 Bg4 $36) 19. Rad1 Bxe3+ 20. Nxe3 (20. Qxe3 $2 Nc4) 20...
gxf4 21. Nf5 (21. Rxf4 Nd3) 21... Rhh7 $5 $17 22. Rxf4 (22. Nf3 Bc4) 22... Bb3)
18... Be7 (18... Rhh7 $5) 19. Nf1 (19. b3 b5 $5 20. b4 (20. a4 bxa4) 20... a4)
(19. Ne1 b5 $5 20. Nef3 g4 21. Nxe5 fxe5 $15) 19... Bc4 (19... a4 $5 {Ftacnik})
20. Rxd7 Qxd7 (20... Bxe2 21. Rxd8+ Bxd8 22. Nd4 Bc4 (22... Bd3 23. Ne6) 23.
Nd2 Bf7 24. b4) 21. Qd2 (21. Qe1 $2 g4 $1 22. h4 (22. Rd1 Bd3 $1 23. Nd4 (23.
Nh2 gxh3 24. f4 Rg8 25. g3 h4 $19) (23. Bf4 $5 gxh3 24. Bxe5 fxe5 25. Nh2 (25.
Nce3 hxg2 26. Nh2 Qd4 $17) 25... Bc5 $17 26. Ne3 (26. Qc3 Qg7) 26... Qg7) (23.
h4 Nf3+ 24. gxf3 gxf3 25. Nd4 (25. Bf4 Qg4+ 26. Bg3 Bxc2 27. Ne3 Qh3) 25... Qh3
26. Nxf3 Bxf1 27. Qxf1 Qxf3 $19) 23... gxh3 24. Nh2 (24. Nf5 Rg8 25. N1g3 hxg2)
(24. f4 Qg4 25. Rd2 Nc4 26. Nh2 Qg8) 24... Rg8 $19) 22... Nf3+ $3 23. gxf3 gxf3
24. Bf4 Qh3 25. Nce3 (25. Nfe3 Rg8+ 26. Bg3 Bc5 $1 27. Qd2 Rxg3+ 28. fxg3 Qxg3+
29. Kh1 f2 $19) 25... Rg8+ 26. Bg3 (26. Ng3 Bc5 27. Qd2 Bxe3 28. fxe3 Rxg3+ 29.
Bxg3 Qxg3+ 30. Kh1 f2 $19) 26... Bc5 27. b4 (27. Qd2 Bxf1 28. Rd1 Bd3 $19)
27... Rxg3+ 28. Nxg3 Bxe3 $19) 21... Bd3 $5 (21... c5 $15 22. b4 Qxd2 23. Nxd2
Bd3 24. Ne1 cxb4 25. axb4 Bxb4 26. Bxb6 Bxd2 27. Nxd3 Nxd3 28. Rd1 Bb4 29. Rxd3
Ke7 $17) 22. Qc3 $8 (22. Bxb6 $2 Bxf1 (22... Nc4 $19 {Ftacnik})) (22. Rd1 Bxe4
{Ftacnik} 23. Bxb6 Qxh3 $1 (23... Qxd2 24. Rxd2 Nc4 25. Rd4 $1) 24. f3 Nxf3+
25. gxf3 Bxf3 $19) (22. f3 g4) (22. Ng3 h4 23. Nf5 Bxe4) 22... Bxe4 (22... c5
23. Rd1 Qb5 24. f4) 23. Ng3 (23. Bxb6 g4 (23... Qd3 $17) (23... Bxg2 $5 {
Ftacnik} 24. Kxg2 Qd5+ 25. f3 g4 $40) 24. h4 Qd3 $5 25. Qxd3 Bxd3 $17 26. Ne1 (
26. Nce3 a4) 26... a4 $5) 23... Bd5 $1 (23... Bxc2 24. Qxc2 c5 25. Rd1 Qe6) 24.
Bxb6 h4 25. Ne2 g4 26. Nf4 Be4 $2 $138 (26... Rg8 $1 27. Nxd5 cxd5 28. hxg4 (
28. Kh1 Kf7 $1 29. hxg4 (29. Rd1 Rc8 30. Qb3 gxh3 31. gxh3 Rxc2 32. Rxd5 Qc6)
29... Qxg4 30. Ne3 Qe6 $17 31. Bxa5 h3 32. g3 Nc6) 28... Qxg4 29. Ne3 Qe6 30.
Bd4 (30. Bxa5 d4) 30... h3 31. Bxe5 fxe5 32. Qxa5 d4 $17) 27. Re1 $1 (27. Ne3 {
Ftacnik} gxh3 28. Rd1 Qb7 29. Bc5 hxg2 $17) 27... Qf5 (27... Bxc2 28. Qxc2 gxh3
29. Rxe5) 28. Ne6 $1 (28. Nd4 $5 Qxf4 29. Ne6 Nf3+ 30. gxf3 (30. Qxf3 Qxf3 31.
gxf3 Bxf3) 30... Qxf3 31. Qxf3 Bxf3 32. Nd4 Kf7 33. Nxf3 (33. hxg4 Bxg4 34.
Nxc6 Bd6) 33... gxf3 34. Bxa5 Rg8+ 35. Kf1 Bc5 $10) 28... Rg8 (28... gxh3 $4
29. Ng7+) 29. Ncd4 Nf3+ $1 30. Kf1 $4 (30. Kh1 $2 Nxd4 (30... Nxe1 31. Nxf5
Bxg2+ 32. Kh2 $18) (30... gxh3 31. gxf3 (31. Qxf3 hxg2+ 32. Kg1 Qxf3 33. Nxf3
Bxf3 34. Nd4 $16) 31... Qg4 32. Nf4 h2 33. Qc1 Bxf3+ 34. Kxh2 $18) (30... Qe5
31. gxf3 Bd6 32. Nf4 $18) 31. Qxd4 (31. Nxd4 Qxf2 (31... Qd5 32. Qxc6+ Qxc6 33.
Nxc6 Bxc6 34. Bc5 Rg7 $19) 32. Nf3 Qxb6) 31... Bxg2+ (31... Bd5 {Ftacnik} 32.
Nc7+ Kf7 33. Nxd5 cxd5 34. Qe3 Bd6 35. Bxa5 (35. hxg4 Qxg4 36. Qh3 Qxh3+ 37.
gxh3 a4 $15) 35... d4 36. Qxd4 (36. Qb3+ Kg7) 36... Qxa5 37. Qc4+ $13) (31...
gxh3 32. Qxe4 hxg2+ 33. Kg1 Qh3 (33... Qxe4 34. Rxe4 h3 35. Re1 {/\ Nf4}) 34.
Nc7+ $18) 32. Kxg2 (32. Kg1 Bd5 (32... gxh3 33. Ng7+ $1 Rxg7 34. Qd8+ Kf7 35.
Rxe7+ Kg6 36. Qe8+ Kh7 37. Rxg7+ Kxg7 38. Qe7+ Kg6 39. Qe8+ Kg5 40. Qg8+ Kf4
41. Qc4+)) 32... Qf3+ (32... gxh3+ 33. Kf1 h2 34. Ng7+ Rxg7 35. Qd8+ Kf7 36.
Rxe7+ Kg6 37. Rxg7+ Kxg7 38. Qc7+ Kg6 39. Qxh2 Qb5+ 40. Kg2 Qxb6 41. Qxh4 $10)
33. Kf1 (33. Kh2 g3+) 33... gxh3 {/\ Rg1} 34. Qe4 (34. Nf4 h2 35. Rxe7+ Kxe7
36. Bc5+ (36. Qc5+ Ke8) 36... Ke8 $19) (34. Qd8+ Bxd8 35. Ng5+ Kd7 36. Nxf3
Bxb6 37. Re4 Rg2 $19) (34. Ng5 Qg2+ 35. Ke2 Rxg5) (34. Ng7+ $5 Kf8 $1 (34...
Kf7 35. Qc4+ Qd5 36. Qxd5+ cxd5 37. Nf5 $1 h2 38. Rxe7+ Kf8 39. Bc5 $3 h1=Q+
40. Ke2 Qc1 41. Rc7+ Ke8 42. Re7+ Kd8 43. Bb6+ Kc8 44. Nd6+ Kb8 45. Rb7+ Ka8
46. Ra7+ Kb8 47. Rb7+ $10) 35. Ne6+ (35. Qxh4 Rxg7 36. Qh8+ Rg8 37. Qh6+ Ke8
38. Rxe7+ Kxe7 39. Qh7+ Kd6 40. Bc7+ (40. Qxg8 Qd1#) 40... Kc5 41. Qe7+ Kb5 42.
a4+ Ka6 $19) (35. Rxe7 Kxe7 36. Bc5+ Kf7 37. Qd7+ Kg6 $19) (35. Bc5 Bxc5 (35...
Qg2+ $5) 36. Qxc5+ Kxg7 $19) (35. Qd7 Qg2+ 36. Ke2 Rxg7 $19) 35... Kf7 $19) (
34. Nc7+ Kf8 35. Ne6+ Kf7 36. Nd8+ (36. Nf4 h2 37. Qc4+ Kg7 $1 38. Rxe7+ Kh6
39. Qxg8 h1=Q+ 40. Qg1 Qd1+ $19) 36... Ke8 37. Rxe7+ Kxe7 38. Qc5+ Ke8 $19)
34... Qxe4 35. Rxe4 f5 (35... h2 36. Rxh4 Rg1+ 37. Ke2 h1=Q 38. Rxh1 Rxh1 39.
Bxa5) 36. Re3 h2 $19) (30. Qxf3 gxf3 31. Nxf5 Bxf5 32. Nd4 $1 (32. Nf4 {Ftacnik
}) 32... Rxg2+ 33. Kh1 Bd7 34. Bc5 (34. Nxf3 Rg7) 34... Rg7 35. Nxf3 (35. Kh2
Rg2+ 36. Kh1 Rg7 $10) (35. Bxe7 $6 Rxe7 36. Rxe7+ Kxe7 37. Kh2 Kd6 38. Nxf3 Kd5
39. Nxh4 Kc4) 35... Bxh3 36. Nxh4 $10) (30. Nxf3 {Ftacnik} gxf3) (30. gxf3 $2 {
Ftacnik} gxf3+ 31. Kh2 Rg2+ 32. Kh1 Qxh3#) 30... Bd3+ 31. Re2 (31. Ne2 {Ftacnik
} Bxe2+ 32. Rxe2 Qb1+ $19) 31... Bxe2+ (31... gxh3 $6 {Ftacnik} 32. Qxc6+ (32.
Nxf3 Bxe2+ 33. Kxe2 Qxe6+ $19) 32... Kf7 33. Nd8+ (33. Nxf3 hxg2+ 34. Kg1 Bxe2)
33... Rxd8 (33... Bxd8 34. Qb7+ Kf8 35. Bc5+ Qxc5 36. Ne6+) 34. Nxf5 h2 35.
Qe6+) 32. Kxe2 Qe4+ 33. Qe3 Nxd4+ 34. Nxd4 Qxe3+ 35. Kxe3 gxh3 36. gxh3 Rg5 $5
37. Nxc6 Bc5+ 38. Bxc5 Rxc5 39. Nd4 a4 40. Kd3 Rc1 $1 0-1